000 00513nam a2200169 i 4500
001 6879
003 ES-MaACL
007 t|
008 900614s1972 sp ||||1| spa d
080 _a86-14"19"
080 _a86(Rodriguez Piñeiro,J.A.7 P.01)
100 1 _aRodriguez Piñeiro, Jose Antonio.
_998734
245 1 3 _aUn Paisaje de ternura /
_cJose Antonio Rodriguez Piñeiro.
260 _aMurcia :
_b[s.n.],
_cD.L. 1972.
300 _a95 p., [6] h. de partituras ;
_c22 cm.
852 _aES-MaACL
_jE-2003
_bR.81893
999 _c6879
_d6879